000 00781nab a2200241 u 4500
001 17923
003 HDC
007 cr bn ---aaaaa
008 210225c20120705xx dr|noo 0 a eng d
040 _aHDC
245 0 _aHong Kong: More Halal food offerings
260 _a[No place] :
_b[publisher not identified],
_c2012
336 _atext
_2rdacontent
337 _acomputer
_2rdamedia
338 _aonline resource
_2rdacarrier
650 _ahalal certificates
_911254
650 _aHalal food
_zHong Kong
_97494
710 _aHalal Focus
856 _zRequest full-text at [email protected]
942 _2lcc
942 _cNEWS
942 _kNWSO 005995
999 _c15239
_d15239